Flaggen mit Sternen - Statistiken

Allgemein
  • Dieses Quiz wurde 205 mal gespielt
  • Das Durchschnittsergebnis liegt bei 34 aus 70
Antwortstatistiken
Stern/e Flagge von % Korrekt
50weiß Vereinigte Staaten von Amerika
92%
5gelb China
87%
6 weiß Australien
82%
1weiß Türkei
82%
4rot Neuseeland
79%
1gelb Vietnam
79%
1schwarz Ghana
68%
1grün Marokko
65%
2grün Syrien
63%
27weiß Brasilien
62%
1grün Senegal
62%
1rot Tunesien
61%
1 rot Algerien
60%
1weiß Libyen
60%
1weiß Pakistan
60%
1weiß Somalia
60%
5weiß Turkmenistan
56%
1gelb Kamerun
55%
5weiß Singapur
55%
12weiß Usbekistan
55%
9gelb Tuvalu
54%
1gelb Demokratische Republik Kongo
53%
1rot Nord Korea
53%
1weiß Chile
52%
1blau Israel
52%
1gelb Malaysia
52%
8weiß Venezuela
52%
5weiß Samoa
51%
5blau Honduras
50%
7gelb Tadschikistan
50%
1 weiß Aserbaidschan
49%
4weiß Mikronesien
49%
1weiß Kuba
48%
1weiß Liberia
48%
1gelb Mauretanien
48%
1weiß Marshall Inseln
47%
1 gelb Angola
46%
1weiß Jordanien
46%
1weiß Myanmar
46%
2 blau/rot Panama
46%
5weiß Papua Neuguinea
45%
1weiß Togo
45%
1gelb Süd Sudan
44%
1gelb Suriname
44%
1weiß Nauru
43%
5weiß Salomonen
42%
1gelb Äthiopien
41%
7 (8/9) weiß Bosnien und Herzegowina
41%
4weiß Komoren
41%
2schwarz Sao Tome und Principe
41%
3rot Burundi
40%
1schwarz Guinea Bissau
40%
10gelb Kap Verde
40%
6weiß Kosovo
40%
2weiß St Kitts und Nevis
40%
1gelb Burkina Faso
39%
1gelb Zentralafrikanische Republik
38%
3gelb Philippinen
37%
1rot Dschibuti
36%
1gelb Mosambik
36%
1 (2) weiß Nepal
36%
1gelb Paraguay
35%
7gelb Grenada
33%
10grün Dominica
32%
1weiß Ost Timor
32%
2gelb Kroatien
30%
6gelb Äquatorial Guinea
29%
1rot Simbabwe
29%
3gelb Slowenien
29%
1gelb Moldau
9%
Keine übereinstimmenden Quizze gefunden
Verteilung der Resultate
Anzahl Personen mit jedem Resultat
Perzentil nach korrekt beantworteten Fragen
Ihre Resultats-Entwicklung
Sie haben dieses Quiz noch nicht gespielt